BNE International Destinations - Statistics

General Stats
  • This quiz has been taken 14 times
  • The average score is 45 of 53
Answer Stats
Country Destination % Correct
New Zealand Auckland
100%
New Zealand Auckland
100%
New Zealand Auckland
100%
New Zealand Auckland
100%
New Zealand Auckland
100%
Thailand Bangkok
100%
New Zealand Christchurch
100%
New Zealand Christchurch
100%
United Arab Emirates Dubai
100%
China Hong Kong
100%
United States Los Angeles
100%
United States Los Angeles
100%
Philippines Manila
100%
Philippines Manila
100%
Japan Osaka
100%
Papua New Guinea Port Moresby
100%
Papua New Guinea Port Moresby
100%
United States San Francisco
100%
South Korea Seoul
100%
South Korea Seoul
100%
China Shanghai
100%
Taiwan Taipei
100%
Taiwan Taipei
100%
Japan Tokyo
100%
Japan Tokyo
100%
Canada Vancouver
100%
New Zealand Wellington
100%
United States Dallas
92%
Qatar Doha
92%
Vietnam Ho Chi Minh City
92%
Singapore Singapore
92%
Singapore Singapore
92%
China Guangzhou
85%
Fiji Nadi
85%
Fiji Nadi
85%
New Zealand Queenstown
77%
New Zealand Queenstown
77%
New Zealand Queenstown
77%
Samoa Apia
69%
Samoa Apia
69%
New Caledonia Noumea
69%
New Caledonia Noumea
69%
Solomon Islands Honiara
62%
Solomon Islands Honiara
62%
Vanuatu Port Vila
62%
Vanuatu Port Vila
62%
Malaysia Denpasar
54%
Indonesia Denpasar
54%
Indonesia Denpasar
54%
Palau Koror
46%
Nauru Yaren
46%
Vanuatu Luganville
23%
Solomon Islands Munda
8%
No matching quizzes found
Score Distribution
Percent of People with Each Score
Percentile by Number Answered
Your Score History
You have not taken this quiz